000 00827nmm a2200265 a 4500
001 ocm000608287
003 TR-IsHL
005 20201028133807.0
008 131121s1999 tu tur
007 cr cn
020 _a9789755001326
035 _a608287
_b(N$T)
050 0 4 _aRJ370
_b.D57 1999
090 0 4 _aRJ370
_b.D57 1999
100 1 _aDirim, Aygören
245 1 0 _aİlkyardım: deprem ve depremden korunma yolları
_h[electronic resource] /
_cAygören Dirim
260 _aİstanbul :
_bEsin Yayınevi,
_c1999
300 _a120 p.
650 4 _aTıp
650 4 _aMedicine
650 0 _aİlk yardım
_x Deprem
650 0 _aFirst aid
_x Earthquake
650 7 _aHEALTH & FITNESS / First Aid
_2bisacsh
856 4 0 _uhttp://search.ebscohost.com/login.aspx?direct=true&scope=site&db=e011xww&AN=608287
999 _c5839
_d5839